Fundamental of electrical drives (Record no. 5133)

MARC details
000 -LEADER
fixed length control field 00405nam a22001697a 4500
005 - DATE AND TIME OF LATEST TRANSACTION
control field 20161108113906.0
008 - FIXED-LENGTH DATA ELEMENTS--GENERAL INFORMATION
fixed length control field 160701b xxu||||| |||| 00| 0 eng d
020 ## - INTERNATIONAL STANDARD BOOK NUMBER
ISBN 978-81-7319-428-3
041 ## - LANGUAGE CODE
Language code of text/sound track or separate title eng
082 ## - DEWEY DECIMAL CLASSIFICATION NUMBER
Item number 20807
100 ## - MAIN ENTRY--AUTHOR NAME
Personal name Dubey Gopal K
245 ## - TITLE STATEMENT
Title Fundamental of electrical drives
260 ## - PUBLICATION, DISTRIBUTION, ETC. (IMPRINT)
Name of publisher narosa
Year of publication 2015
300 ## - PHYSICAL DESCRIPTION
Number of Pages 384
650 ## - SUBJECT ADDED ENTRY--TOPICAL TERM
Topical Term Diploma Engineering
942 ## - ADDED ENTRY ELEMENTS (KOHA)
Koha item type Books
Holdings
Lost status Damaged status Collection code Home library Current library Shelving location Date acquired Cost, normal purchase price Accession Number Koha item type Full call number
    Reference JRU Library   SHELF -72- G 01/07/2016 405.00 20807 Books  
      JRU Library   SHELF-38-D 01/07/2016 405.00 20808 Books 20807
      JRU Library   SHELF-38-D 01/07/2016 405.00 20809 Books 20807